00814nam a2200217 a 450000100100000000500170001000800410002702000150006804000250008308200150010824000440012324501020016726000370026930000280030650000390033459000260037373000340039970000330043395201130046699900170057900004255820201002040232.0140127s1995 sp ac 000 0 spa d a8481350893 aDO-SdBNPbspacBNPHU axxxxbxxxx10aWorld cinema: Diary of a daylEspañol00a¡Acción!... Se Rueda :bdiario de un día de cine en el mundo /ctraducción Margot Wilbert. aBarcelona :bRoyal Books,c1995. a416 p. :bil. ;c25 cm. aHomenaje a los cien años de cine aInventariado, 2019/BT1 aBritish Film Institute96980512aWilbert, Margot,etr.969806 001050718MOaGRbGRcHDd2014-01-27iLF1l0oxxxx xxxxp42558-10r2020-06-25w2020-06-25y1ZNo se presta c42047d42047